00550nam a2200157 i 450000100060000000300090000600500170001500700030003200800410003510000220007624501360009826000570023430000210029160000570031285200230036983938ES-MaACL20231226160947.0t|041118q1925 po ||||1| spa d1 aIraizoz, Antonio.10aIdeología de José Martí : bconferencia realizada no Salao Nobre do Teatro S. Carlos... 1925 / cAntonio Yraizoz y de Villar. aLisboa : bEmilio Moraes : bLa Bécarre, c[1925?] a39 p. ; c20 cm.14aMartí, José,d1853-1895-xPensamiento político aES-MaACLj1935-F-1